00875nam a2200205 a 450000100100000000500170001000800410002704000250006808200200009310000470011324500330016026000860019330000200027959000260029965000280032565000310035391000380038495202300042299900170065200003335520240412074257.0110825s1977 dr r 001 p spa d aDO-SdBNPbspacBNPHU aRD861.44bD632v1 aDobal Márquez, Carlos,d1926-201195894210aVariaciones /cCarlos Dobal. aSantiago de los Caballeros, República Dominicana :bImpresora Teófilo,c1977. a34 p. ;c22 cm. aInventariado, 2018/BT 0aPoesía dominicana966 0aLiteratura dominicana.967 aValidado. Control de calidad. EMS 0010718PDaPDbPDcHDd2011-08-25iLF1l0oRD861.44 D632vp33355-10r2020-06-25w2020-06-25yLFPDzDedicado por el autor a León David. Perteneció a la biblioteca personal de Juan Isidro Jiménes GrullónZNo se presta c32846d32846